|
|
|
|
| LEADER |
00000cas a2200000 a 4500 |
| 001 |
vtls008851182 |
| 003 |
SK-MaSNL |
| 005 |
20260425194142.0 |
| 008 |
061002d20002006xo ar p 0 b0slo |
| 015 |
|
|
|a SNBB2008/01-00078 (roč. IV/2003)
|a SNBB2008/01-00079 (roč. V/2004)
|a SNBB2008/01-00080 (roč. VI/2005)
|a SNBB2008/03-01414 (roč. VII/2006)
|
| 040 |
|
|
|a SNK
|b slo
|c SNK
|e AACR2
|
| 041 |
0 |
|
|a slo
|
| 043 |
|
|
|a e-xo
|
| 044 |
|
|
|a xo
|c SK
|
| 072 |
|
7 |
|a 343
|x Trestné právo
|2 konspekt
|
| 072 |
|
7 |
|a 343.8
|x Väzenstvo
|2 konspekt
|
| 072 |
|
7 |
|a 355/359
|x Vojenstvo. Obrana krajiny. Ozbrojené sily
|2 konspekt
|
| 080 |
|
|
|a 343.85
|2 2011
|
| 080 |
|
|
|a 355.02
|2 2011
|
| 080 |
|
|
|a (437.6)
|2 2011
|
| 080 |
|
|
|a (036)
|2 2011
|
| 080 |
|
|
|a 343.3/.7
|2 2011
|
| 245 |
0 |
0 |
|a Aktuálne informácie z prevencie kriminality
|
| 260 |
|
|
|a Bratislava
|b Ministerstvo vnútra SR - sekretariát Rady vlády SR pre prevenciu kriminality
|c 2000-2006
|
| 300 |
|
|
|a 7 zv.
|b mp., tab.
|c 30 cm
|
| 310 |
|
|
|a 1x ročne
|
| 362 |
0 |
|
|a 2000-2006
|
| 500 |
|
|
|a Redaktor: 2000-2001, Ján Bubelíni ; 2002-2003, František Šinka, Jozef Halcin ; 2004-2005, Jozef Halcin a spoluprac. ; 2006, Jozef Halcin, František Šinka, Daniela Stábová
|
| 500 |
|
|
|a Roč. IV (2003) vydaný v spolupráci s tlačovým oddelením KMV SR
|
| 500 |
|
|
|a Pozn. Adresáre
|
| 650 |
0 |
7 |
|a národná bezpečnosť
|2 SNKPH
|9 78003
|
| 650 |
0 |
7 |
|a prevencia kriminality
|2 SNKPH
|9 2696
|
| 650 |
0 |
7 |
|a kriminalita
|2 SNKPH
|9 2180
|
| 651 |
|
7 |
|a Slovensko
|2 SNKPHgeo
|9 14231
|
| 655 |
|
7 |
|a informačné publikácie
|2 SNKPH
|9 70181
|
| 700 |
1 |
|
|a Šinka, František
|4 red
|9 5105
|
| 700 |
1 |
|
|a Halcin, Jozef
|4 red
|9 268563
|
| 700 |
1 |
|
|a Stábová, Daniela
|4 red
|9 268564
|
| 700 |
1 |
|
|a Bubelíni, Ján,
|d 1940-
|4 red
|9 109151
|
| 910 |
|
|
|a snk
|
| 999 |
|
|
|c 5235
|d 7165
|
| 952 |
|
|
|a SNK
|b SNK
|y PREZ
|7 0
|p 17A0511539
|o snkČSB 5500/5/2004 D1
|i snk2006/19505
|8 0
|0 0
|1 0
|4 0
|d 2006-10-02
|l 0
|r 2026-02-21 20:08:45
|w 2026-02-21
|
| 952 |
|
|
|a SNK
|b SNK
|y PREZ
|7 0
|p 17A0511561
|o snkČSB 5500/4/2003
|i snk2006/19501
|8 0
|0 0
|1 0
|4 0
|d 2006-10-02
|l 0
|r 2026-02-21 20:18:29
|w 2026-02-21
|
| 952 |
|
|
|a SNK
|b SNK
|y PREZ
|7 0
|p 17A0511562
|o snkČSB 5500/4/2003 D1
|i snk2006/19502
|8 0
|0 0
|1 0
|4 0
|d 2006-10-02
|l 0
|r 2026-02-21 20:18:29
|w 2026-02-21
|
| 952 |
|
|
|a SNK
|b SNK
|y PREZ
|7 0
|p 17A0511541
|o snkČSB 5500/6/2005
|i snk2006/19507
|8 0
|0 0
|1 0
|4 0
|d 2006-10-02
|l 0
|r 2026-02-21 20:18:29
|w 2026-02-21
|
| 952 |
|
|
|a SNK
|b SNK
|y PREZ
|7 0
|p 17A0511542
|o snkČSB 5500/6/2005 D1
|i snk2006/19508
|8 0
|0 0
|1 0
|4 0
|d 2006-10-02
|l 0
|r 2026-02-21 20:18:29
|w 2026-02-21
|
| 952 |
|
|
|a SNK
|b SNK
|y PREZ
|7 0
|p 17A0550051
|o snkČSB 5500/7/2006
|i snk2008/15243
|8 0
|0 0
|1 0
|4 0
|d 2008-08-11
|l 0
|r 2026-02-21 20:28:45
|w 2026-02-21
|
| 952 |
|
|
|a SNK
|b SNK
|y PREZ
|7 0
|p 17A0550078
|o snkČSB 5500/7/2006 D1
|i snk2008/15244
|8 0
|0 0
|1 0
|4 0
|d 2008-08-11
|l 0
|r 2026-02-21 20:28:45
|w 2026-02-21
|
| 952 |
|
|
|a SNK
|b SNK
|y PREZ
|7 0
|p 17A0511540
|o snkČSB 5500/5/2004
|i snk2006/19503
|8 0
|0 0
|1 0
|4 0
|d 2006-10-02
|l 0
|r 2026-02-21 21:32:10
|w 2026-02-21
|
| 952 |
|
|
|a SNK
|b SNK
|y PREZ
|7 0
|p 17A1461028
|o snkČSB 5500/2000
|i snk2021/14675
|8 0
|0 0
|1 0
|4 0
|d 2021-10-06
|l 0
|r 2026-02-21 21:39:32
|w 2026-02-21
|
| 952 |
|
|
|a SNK
|b SNK
|y PREZ
|7 0
|p 17A1461029
|o snkČSB 5500/2/2001
|i snk2021/14677
|8 0
|0 0
|1 0
|4 0
|d 2021-10-06
|l 0
|r 2026-02-21 21:39:32
|w 2026-02-21
|
| 952 |
|
|
|a SNK
|b SNK
|y PREZ
|7 0
|p 17A1461030
|o snkČSB 5500/3/2002
|i snk2021/14679
|8 0
|0 0
|1 0
|4 0
|d 2021-10-06
|l 0
|r 2026-02-21 21:39:32
|w 2026-02-21
|
| 952 |
|
|
|a SNK
|b SNK
|y PREZ
|7 0
|p 17A1461031
|o snkČSB 5500/2000 D1
|i snk2021/14682
|8 0
|0 0
|1 0
|4 0
|d 2021-10-06
|l 0
|r 2026-02-21 21:39:32
|w 2026-02-21
|
| 952 |
|
|
|a SNK
|b SNK
|y PREZ
|7 0
|p 17A1461032
|o snkČSB 5500/2/2001 D1
|i snk2021/14683
|8 0
|0 0
|1 0
|4 0
|d 2021-10-06
|l 0
|r 2026-02-21 21:39:33
|w 2026-02-21
|
| 952 |
|
|
|a SNK
|b SNK
|y PREZ
|7 0
|p 17A1461033
|o snkČSB 5500/3/2002 D1
|i snk2021/14684
|8 0
|0 0
|1 0
|4 0
|d 2021-10-06
|l 0
|r 2026-02-21 21:39:33
|w 2026-02-21
|